书目信息 |
| 题名: |
大寨红花更鲜艳
|
|
| 作者: | 朱文洲 词 ;王建民 曲 | |
| 分册: | ||
| 出版信息: | 北京 人民音乐出版社 1978.04 |
|
| 页数: | 3页 | |
| 开本: | 26cm | |
| 丛书名: | ||
| 单 册: | ||
| 中图分类: | J642.53 | |
| 科图分类: | ||
| 主题词: | 音乐--作品--中国 | |
| 电子资源: | ||
| ISBN: | ||
| 000 | 00630nam0 2200229 45 | |
| 001 | 0310271598 | |
| 005 | 20060529155041.35 | |
| 010 | @dCNY0.09 | |
| 091 | @a3026.3371 | |
| 100 | @a20031027d1978 km y0chiy0120 ea | |
| 101 | 0 | @achi |
| 105 | @ag z 000yy | |
| 200 | 1 | @a大寨红花更鲜艳@ADa Zhai Hong Hua Geng Xian Yan@f朱文洲词@FZhu Wen Zhou Ci@g王建民曲 |
| 210 | @a北京@c人民音乐出版社@d1978.04 | |
| 215 | @a3页@d26cm | |
| 300 | @a女声独唱 钢琴伴奏 | |
| 606 | 0 | @a音乐@x作品@x中国 |
| 690 | @aJ642.53@v3 | |
| 701 | 0 | @a朱文洲@4词 |
| 702 | 0 | @a王建民@AWang Jian Min@4曲 |
| 801 | @aCN@bTSTC@c20060529 | |
| 905 | @dJ642.53@e11 | |
| 大寨红花更鲜艳/朱文洲词/王建民曲.-北京:人民音乐出版社,1978.04 |
| 3页;26cm |
| 女声独唱 钢琴伴奏 |
| ISBN :CNY0.09 |
| ● |
| 相关链接 |
|
|
|
|
正题名:大寨红花更鲜艳
索取号:J642.53/11
 
预约/预借
| 序号 | 登录号 | 条形码 | 馆藏地/架位号 | 状态 | 备注 |
| 1 | 0002284 | 202389165 | 密集书库/ [索取号:J642.53/11] | 在馆 | |
| 2 | 0002285 | 202389174 | 密集书库/ [索取号:J642.53/11] | 在馆 | |
| 3 | 0002286 | 202389183 | 密集书库/ [索取号:J642.53/11] | 在馆 | |
| 4 | 0002287 | 202389030 | 密集书库/ [索取号:J642.53/11] | 在馆 | |
| 5 | 0002288 | 202389067 | 密集书库/ [索取号:J642.53/11] | 在馆 | |
| 6 | 0002289 | 001722844 | 密集书库/ [索取号:J642.53/11] | 在馆 | |
| 7 | 0002290 | 001722880 | 密集书库/ [索取号:J642.53/11] | 在馆 | |
| 8 | 0002292 | 202389138 | 密集书库/ [索取号:J642.53/11] | 在馆 | |
| 9 | 0002293 | 202389156 | 密集书库/ [索取号:J642.53/11] | 在馆 | |
| 10 | 0002294 | 202389147 | 密集书库/ [索取号:J642.53/11] | 在馆 |